How the Far East was lost : American policy and the creation of Communist China, 1941-1949

Salvato in:
Dettagli Bibliografici
Autore principale: Kubek, Anthony
Natura: Libro
Lingua:Undetermined
Pubblicazione: Chicago H. Regnery Co. 1963
Soggetti:
Tags: Aggiungi Tag
Nessun Tag, puoi essere il primo ad aggiungerne! !
Thư viện lưu trữ: Trung tâm Học liệu Trường Đại học Cần Thơ
LEADER 00579nam a2200205Ia 4500
001 CTU_89457
008 210402s9999 xx 000 0 und d
082 |a 327.73051 
082 |b K95 
100 |a Kubek, Anthony 
245 0 |a How the Far East was lost : 
245 0 |b American policy and the creation of Communist China, 1941-1949 
245 0 |c Anthony Kubek 
260 |a Chicago 
260 |b H. Regnery Co. 
260 |c 1963 
650 |a Foreign relations 
650 |z United States 
904 |i Bằng 
980 |a Trung tâm Học liệu Trường Đại học Cần Thơ